Premier League: The Remaining Barclaysmen - Statistics

General Stats
  • This quiz has been taken 50 times
    32 since last reset
  • The average score is 35 of 61
Answer Stats
Current club Player % Correct
Manchester United Harry Maguire
86%
Brighton & Hove Albion James Milner
86%
Leicester City Jamie Vardy
86%
Manchester City Kevin De Bruyne
83%
Newcastle United Callum Wilson
79%
Liverpool Mohamed Salah
79%
Tottenham Hotspur Son Heung-Min
79%
Bournemouth Adam Smith
76%
Manchester City John Stones
76%
Everton Séamus Coleman
76%
Nottingham Forest Chris Wood
72%
Everton Jordan Pickford
72%
Newcastle United Kieran Trippier
72%
West Ham United Michail Antonio
72%
Leicester City Danny Ward
69%
Crystal Palace Joel Ward
69%
Aston Villa Marcus Rashford
69%
Arsenal Raheem Sterling
69%
Liverpool Virgil van Dijk
69%
Liverpool Andrew Robertson
66%
Aston Villa Emiliano Martínez
66%
Manchester United Luke Shaw
66%
Manchester City Scott Carson
66%
West Ham United Aaron Cresswell
62%
Brighton & Hove Albion Danny Welbeck
62%
Manchester City Jack Grealish
62%
Manchester United Jonny Evans
62%
Everton Michael Keane
62%
Manchester United Tom Heaton
62%
Southampton Adam Lallana
59%
West Ham United Łukasz Fabiański
59%
Aston Villa Tyrone Mings
55%
Brentford Ben Mee
52%
Newcastle United Dan Burn
52%
Everton Idrissa Gueye
52%
West Ham United James Ward-Prowse
52%
Fulham Alex Iwobi
48%
Everton Ashley Young
48%
Tottenham Hotspur Fraser Forster
48%
Newcastle United Jamaal Lascelles
48%
Manchester City Nathan Aké
48%
Fulham Willian
48%
Tottenham Hotspur Ben Davies
45%
Wolverhampton Wanderers Craig Dawson
45%
Liverpool Joe Gomez
45%
Leicester City Jordan Ayew
45%
Wolverhampton Wanderers Matt Doherty
45%
Newcastle United Matt Targett
45%
Crystal Palace Nathaniel Clyne
45%
Fulham Tom Cairney
45%
Leicester City Conor Coady
41%
Fulham Adama Traoré
38%
Manchester United Christian Eriksen
38%
Fulham Harrison Reed
38%
Aston Villa Ross Barkley
38%
Everton Asmir Begović
34%
West Ham United Danny Ings
31%
Newcastle United John Ruddy
31%
Southampton Alex McCarthy
28%
Fulham Andreas Pereira
28%
Nottingham Forest Wayne Hennessey
10%
No matching quizzes found
Score Distribution
Percent of People with Each Score
Percentile by Number Answered
Your Score History
You have not taken this quiz since the last reset